| 000 | 00575nam a2200229Ia 4500 | ||
|---|---|---|---|
| 008 | 220216s9999 xx 000 0 und d | ||
| 100 | _aWang Jinxia | ||
| 245 | 4 | _aThe Impact of climate change on Chinas agriculture | |
| 260 |
_bAgriclural Economics _c2009 |
||
| 300 | _a323-338 | ||
| 650 | _aAgriculture | ||
| 650 | _aChina | ||
| 650 | _aClimate change | ||
| 650 | _aImpacts | ||
| 650 | _aRicardian model | ||
| 700 | _aDinar Ariel | ||
| 700 | _aHuang Jikun | ||
| 700 | _aMendelsohn Robert | ||
| 700 | _aRozelle Scott | ||
| 700 | _aZhang Lijuan | ||
| 942 | _cJS | ||
| 999 |
_c70751 _d70751 |
||